00364 2200157 4500001002100000005001500021035002000036245004400056100001500100300001200115260003300127082000800160084001400168990001200182990001200194INLIS00000000000209920250527100527 a0010-05250003911 aDasar - Dasar Bola Basket /cJon Oliver0 aJon Oliver a141 hlm aBandung :bPakar Raya,c2007 a700 a700 JON d a0712994 a0712995